Móra Ferenc nevelői elvei ijfúsági műveiben
Elmentve itt :
| Szerző: | |
|---|---|
| További közreműködők: | |
| Dokumentumtípus: | Szakdolgozat |
| Megjelent: |
1966
|
| Tárgyszavak: | |
| Online Access: | http://diploma.bibl.u-szeged.hu/91518 |
| LEADER | 00588nta a2200169 i 4500 | ||
|---|---|---|---|
| 001 | dipl91518 | ||
| 005 | 20200630064406.0 | ||
| 008 | 200625s1966 hu om 0|| zxx d | ||
| 040 | |a SZTE Diploma Repozitórium |b hun | ||
| 041 | |a zxx | ||
| 100 | 1 | |a Téglás Gábor | |
| 245 | 1 | 0 | |a Móra Ferenc nevelői elvei ijfúsági műveiben |h [elektronikus dokumentum] / |c Gábor Téglás |
| 260 | |c 1966 | ||
| 650 | 4 | |a Bölcsészettudományok | |
| 650 | 4 | |a Languages and Literature | |
| 700 | 1 | |a nincs megadva |e ths | |
| 856 | 4 | 0 | |u http://diploma.bibl.u-szeged.hu/id/eprint/91518/1/1966_teglas_gabor.pdf |z Dokumentum-elérés |